<?xml version="1.0" encoding="UTF-8"?>
<marc:record xmlns:marc="http://www.loc.gov/MARC21/slim">
   <marc:leader>00000nam a2200000 a 4500</marc:leader>
   <marc:datafield ind1="1" ind2=" " tag="100">
      <marc:subfield code="a">Stone, Rex</marc:subfield>
      <marc:subfield code="4">aut</marc:subfield>
      <marc:subfield code="e">Verfasser/-in</marc:subfield>
   </marc:datafield>
   <marc:datafield ind1=" " ind2=" " tag="653">
      <marc:subfield code="a">Zeitreise</marc:subfield>
   </marc:datafield>
   <marc:datafield ind1=" " ind2=" " tag="653">
      <marc:subfield code="a">Kinderbuch</marc:subfield>
   </marc:datafield>
   <marc:datafield ind1=" " ind2=" " tag="653">
      <marc:subfield code="a">Dinosaurier</marc:subfield>
   </marc:datafield>
   <marc:datafield ind1=" " ind2=" " tag="653">
      <marc:subfield code="a">Antolin Klasse-3</marc:subfield>
   </marc:datafield>
   <marc:datafield ind1="0" ind2="0" tag="245">
      <marc:subfield code="a">Jagd auf den Compsognathus</marc:subfield>
   </marc:datafield>
   <marc:datafield ind1="0" ind2="0" tag="245">
      <marc:subfield code="b">[Band 12]</marc:subfield>
   </marc:datafield>
   <marc:datafield ind1=" " ind2="1" tag="264">
      <marc:subfield code="b">Loewe Verlag</marc:subfield>
      <marc:subfield code="c">2011</marc:subfield>
   </marc:datafield>
   <marc:datafield ind1="1" ind2=" " tag="490">
      <marc:subfield code="a">Das geheime Dinoversum</marc:subfield>
   </marc:datafield>
   <marc:datafield ind1="1" ind2=" " tag="520">
      <marc:subfield code="a">Jan und Tim, beide 8, müssen vor kleinen, aber sehr hungrigen fleischfressenden Dinos fliehen und geraten mitten hinein in einen Vulkanausbruch. Ab 8. 
Rezension: Action im Dinosaurier-Museum von Jans Vater: Kleine Besucher dürfen, als Dinos verkleidet, Filme ansehen und sich bewirten lassen. Jan und Tim aber brechen mittendrin in ihr echtes Dinoversum auf. Wie üblich (Band 11 in dieser Nr.) werden sie von Dino-Freund Wanna begrüßt. Bald schon sind sie von ulkigen kleinen Dinos, den nur huhngroßen Compsognathus-Sauriern, schnellen 2-beinigen Fleischfressern, umgeben. Als einer davon Jan und seinen mit Wurstbroten gefüllten Rucksack erwischt, ist es mit der Gemütlichkeit vorbei. Die Jungen geraten in einen regelrechten Kampf mit ihnen. Nur mit Not können sie sich in ein nahes Gewässer retten. Wanna ahnt Schlimmes - und plötzlich sind alle in einen Vulkanausbruch verwickelt. Die Jungen kriegen mit, wie schnell die kochende Lava fließt, schaffen es aber (natürlich!), nicht von ihr verschluckt zu werden. An die mit ihnen geflohenen "Compsis" verteilen sie ihre Butterbrote und begeben sich zurück in die Museums-Welt, wo die kleinen Besucher jetzt Fußball spielen. Die Jungen nennen dieses Abenteuer "Die Flucht vor dem Jura-Vulkan". Recht haben sie. Zur Fortsetzung. ekz</marc:subfield>
   </marc:datafield>
   <marc:datafield ind1=" " ind2=" " tag="020">
      <marc:subfield code="a">9783785571811</marc:subfield>
      <marc:subfield code="9">9783785571811</marc:subfield>
   </marc:datafield>
</marc:record>
